[Event "3rd FIDE World Cup"]
[Site "Khanty-Mansiysk RUS"]
[Date "2005.11.28"]
[Round "1.2"]
[White "Dao Thien Hai"]
[Black "Rublevsky, Sergei"]
[Result "1/2-1/2"]
[WhiteElo "2581"]
[BlackElo "2652"]
[EventDate "2005.11.27"]
[Annotator "Huzman"]
[PlyCount "54"]

1.d4 d5 2.c4 dxc4 3.e4 e5 4.Nf3 Bb4+ 5.Nc3 exd4 6.Nxd4 Ne7 7.Bxc4 Nbc6 8.
Be3 O-O 9.Nb5 Ba5 10.O-O a6 11.Nd4 Nxd4 12.Bxd4 Qd6 13.Be3 Be6 14.Be2 Bxc3
15.bxc3 Qc6 16.Qd4 Rfd8 17.Qb4 Ng6 18.Rfd1 Ne5 19.Rd4 Rd6 20.Rad1 a5 21.
Qa3 Nc4 22.Bxc4 Bxc4 23.f3 Rxd4 24.cxd4 b5 25.Qb2 f5 26.d5 Qd7 27.exf5 
Qxf5 1/2-1/2

[Event "3rd FIDE World Cup"]
[Site "Khanty-Mansiysk RUS"]
[Date "2005.11.29"]
[Round "1.6"]
[White "Navara, David"]
[Black "Nikolic, Predrag"]
[Result "1-0"]
[WhiteElo "2646"]
[BlackElo "2584"]
[EventDate "2005.11.27"]
[PlyCount "57"]

1.e4 e5 2.Nf3 Nc6 3.Bb5 a6 4.Ba4 Nf6 5.O-O Be7 6.Re1 b5 7.Bb3 d6 8.c3 O-O 
9.d4 Bg4 10.Be3 Bd7 11.Nbd2 Ng4 12.Nf1 Rb8 13.h3 Re8 14.d5 Nxe3 15.Nxe3 
Na7 16.a4 Nc8 17.axb5 axb5 18.Qd3 Nb6 19.Nc2 Qc8 20.Nb4 f5 21.Nxe5 dxe5 
22.d6+ Kh8 23.dxe7 c5 24.Nd5 c4 25.Nxb6 Rxb6 26.Qe3 Rh6 27.exf5 cxb3 28.
Qxe5 Bxf5 29.Qxb5 1-0

[Event "3rd FIDE World Cup"]
[Site "Khanty-Mansiysk RUS"]
[Date "2005.11.28"]
[Round "1.2"]
[White "Sutovsky, Emil"]
[Black "Hamdouchi, Hichem"]
[Result "0-1"]
[WhiteElo "2654"]
[BlackElo "2574"]
[EventDate "2005.11.27"]
[Annotator "Kritz,L"]
[PlyCount "128"]

1.e4 c5 2.Nf3 e6 3.Nc3 a6 4.g3 d5 5.exd5 exd5 6.d4 Nf6 7.Bg5 Be6 8.Bg2 
Nbd7 9.Ne5 cxd4 10.Nxd7 dxc3 11.Nxf8 cxb2 12.Rb1 Kxf8 13.Rxb2 h6 14.Bxf6 
Qxf6 15.Rxb7 Qe5+ 16.Qe2 Qa1+ 17.Qd1 Qe5+ 18.Qe2 Qa1+ 19.Qd1 Qxa2 20.O-O 
Qc4 21.Re1 Kg8 22.Qa1 Re8 23.Qb2 Kh7 24.Bf1 Bh3 25.Rd1 Bxf1 26.Rxf7 d4 27.
Rxg7+ Kxg7 28.Rxd4 Kg6 29.Rxc4 Bxc4 30.Qb4 Be6 31.Qb6 Kf7 32.Qc7+ Kf6 33.
h4 Kg6 34.Qb6 Rhf8 35.Qxa6 Rf6 36.Qa5 Bg4 37.Qd2 h5 38.Qg5+ Kf7 39.Qd5+ 
Kg7 40.Qg5+ Rg6 41.Qd2 Rge6 42.Qg5+ Kh7 43.Qf4 R8e7 44.Kg2 Kg7 45.Qg5+ Kf8
46.Qc5 Rf6 47.Qd4 Kg7 48.Qd2 Re2 49.Qg5+ Kf7 50.Qd5+ Kf8 51.Qc5+ Re7 52.
Qd4 Kf7 53.Qd5+ Ree6 54.Qd7+ Kf8 55.Qd8+ Kg7 56.Qd2 Re5 57.c4 Kf7 58.Kh2 
Ke8 59.Kg1 Re2 60.Qa5 Rexf2 61.Qe5+ Kf7 62.Qd5+ Kg7 63.Qe5 Rf5 64.Qd4 Kg8 
0-1

[Event "3rd FIDE World Cup"]
[Site "Khanty-Mansiysk RUS"]
[Date "2005.11.27"]
[Round "1.1"]
[White "Eljanov, Pavel"]
[Black "Kudrin, Sergey"]
[Result "1-0"]
[WhiteElo "2663"]
[BlackElo "2551"]
[EventDate "2005.11.27"]
[PlyCount "119"]

1.Nf3 c5 2.c4 Nc6 3.d4 cxd4 4.Nxd4 Nf6 5.g3 Qa5+ 6.Nc3 Ne4 7.Nb5 Nxc3 8.
Nxc3 g6 9.Bg2 Bg7 10.O-O d6 11.Nd5 Be6 12.Bd2 Qd8 13.Qb3 Rb8 14.Rfd1 O-O 
15.Rac1 Qd7 16.Be3 b6 17.Qa4 Rfc8 18.b4 Qe8 19.b5 Na5 20.Bd2 Bxd5 21.Bxd5 
a6 22.Bxa5 axb5 23.cxb5 Rxc1 24.Rxc1 bxa5 25.Rc6 Qd8 26.Ra6 e6 27.Bc6 Bc3 
28.a3 Qc7 29.Qf4 Bb2 30.Qe3 d5 31.a4 d4 32.Qf4 Qxf4 33.gxf4 Bc3 34.b6 Bd2 
35.b7 Kf8 36.Ra8 Bxf4 37.Rxa5 Ke7 38.Ra8 Kd8 39.a5 Kc7 40.Bf3 Rxb7 41.Bxb7
Kxb7 42.Rh8 h6 43.Rh7 Ka6 44.Rxf7 e5 45.Kg2 Kxa5 46.Rb7 Ka6 47.Rb8 g5 48.
h3 h5 49.Rb3 e4 50.e3 dxe3 51.fxe3 Bd6 52.Rc3 Kb5 53.Rc8 Bc5 54.Kf2 Kc4 
55.Rc7 g4 56.h4 Kd5 57.Rh7 g3+ 58.Ke2 g2 59.Rxh5+ Ke6 60.Rg5 1-0

[Event "3rd FIDE World Cup"]
[Site "Khanty-Mansiysk RUS"]
[Date "2005.11.28"]
[Round "1.2"]
[White "Bologan, Viorel"]
[Black "Matamoros Franco, Carlos"]
[Result "1-0"]
[WhiteElo "2682"]
[BlackElo "2501"]
[EventDate "2005.11.27"]
[PlyCount "107"]

1.e4 e5 2.Nf3 Nc6 3.Bb5 Nf6 4.O-O Nxe4 5.d4 Nd6 6.Bxc6 dxc6 7.dxe5 Ne4 8.
Qe2 Bf5 9.Rd1 Qc8 10.Nd4 Bc5 11.Be3 O-O 12.Nb3 Bxe3 13.Qxe3 Re8 14.Na3 Qe6
15.f3 Nd6 16.f4 Qg6 17.Nd4 Bg4 18.Re1 Nf5 19.Nxf5 Bxf5 20.Qf2 Rad8 21.c3 
b5 22.Nb1 Rd3 23.Nd2 Red8 24.Nf1 a5 25.a4 b4 26.cxb4 axb4 27.a5 Be4 28.Ng3
Bd5 29.Rad1 Rxd1 30.Rxd1 h5 31.Nf1 Ra8 32.f5 Qg5 33.Ra1 h4 34.h3 Be4 35.
Ne3 Ra6 36.Qe2 Ra8 37.a6 Bxf5 38.Nxf5 Qxf5 39.a7 Qf4 40.e6 fxe6 41.Qxe6+ 
Kh8 42.Qxc6 Qd4+ 43.Kh1 Rxa7 44.Qe8+ Kh7 45.Qh5+ Kg8 46.Rd1 Qf6 47.Re1 g6 
48.Qc5 Ra6 49.Qxc7 Ra8 50.Qc4+ Kh7 51.Qxb4 Ra7 52.Qc5 Rd7 53.b4 Rd2 54.
Re7+ 1-0

[Event "3rd FIDE World Cup"]
[Site "Khanty-Mansiysk RUS"]
[Date "2005.12.01"]
[Round "2.2"]
[White "Eljanov, Pavel"]
[Black "Gurevich, Mikhail"]
[Result "0-1"]
[WhiteElo "2663"]
[BlackElo "2652"]
[EventDate "2005.11.27"]
[Annotator "Gurevich,M"]
[PlyCount "112"]

1.d4 d6 2.c4 f5 3.Nf3 g6 4.b4 Bg7 5.Bb2 Nh6 6.e3 O-O 7.Be2 Nf7 8.O-O e5 9.
dxe5 dxe5 10.Nbd2 Be6 11.c5 Qe7 12.Nc4 Nd7 13.a3 Rad8 14.Qc2 Bd5 15.Nfd2 
Nf6 16.f3 b6 17.e4 Be6 18.Rfd1 Nh5 19.Ne3 Qg5 20.Ndf1 Nf4 21.Rxd8 Nxd8 22.
exf5 gxf5 23.Bc4 bxc5 24.bxc5 e4 25.fxe4 Bxb2 26.Bxe6+ Ndxe6 27.Qxb2 fxe4 
28.Qb3 Qxc5 29.Ng3 Rd8 30.Nf5 Rd3 31.Qb8+ Kf7 32.Re1 Ng7 33.Qb4 Qxb4 34.
axb4 Nxf5 35.Nxf5 Kf6 36.Ne3 Ke5 37.g3 Nd5 38.Ng4+ Kf5 39.Nh6+ Kg6 40.Ng4 
Kf5 41.Nh6+ Ke5 42.Ng4+ Kd4 43.Nf2 Re3 44.Rd1+ Kc4 45.Ng4 Rd3 46.Ne5+ Kc3 
47.Nxd3 exd3 48.Kf2 Kc2 49.Ke1 Nxb4 50.Rd2+ Kb3 51.Rd1 Kc2 52.Rd2+ Kc3 53.
Kd1 a5 54.Rf2 a4 55.Rf7 Nd5 56.Rf2 a3 0-1

[Event "?"]
[Site "Khanty-Mansiysk"]
[Date "2005.12.12"]
[Round "6.1"]
[White "Gurevich, Mikhail"]
[Black "Gelfand, Boris"]
[Result "0-1"]
[WhiteElo "2652"]
[BlackElo "2717"]
[EventDate "2005.11.27"]
[Annotator "Gelfand,B"]
[PlyCount "72"]
[EventType "k.o."]
[EventRounds "7"]
[EventCountry "RUS"]
[Source "ChessBase"]
[SourceDate "2006.04.04"]

1.d4 d5 2.c4 c6 3.Nc3 e6 4.e4 Bb4 5.cxd5 exd5 6.exd5 cxd5 7.Bd3 Nc6 8.Ne2 
Nge7 9.Qc2 Bd6 10.a3 h6 11.Be3 O-O 12.O-O Be6 13.f4 f5 14.Kh1 Nc8 15.g4 
fxg4 16.f5 Qh4 17.Nf4 Bf7 18.f6 gxf6 19.Bf5 N8e7 20.Bxg4 Kh8 21.Nb5 Bb8 
22.Be6 a6 23.Rf3 Bxe6 24.Nxe6 Qg4 25.Qf2 Qxe6 26.Bxh6 Rg8 27.Qh4 Rg6 28.
Bf8+ Kg8 29.Re1 Qg4 30.Qxg4 Rxg4 31.Bxe7 axb5 32.Bxf6 Bd6 33.Rh3 Kf7 34.
Be5 Bxe5 35.dxe5 Rag8 36.e6+ Ke7 0-1